000 00605nam a2200181 i 4500
001 113729
003 ES-MaACL
005 20230906190005.0
007 t|
008 061121s1926 sp |||| | spa d
100 1 _aNoguera López, Julio.
_985877
245 1 3 _aEl anormal que cada día vemos hacer
_b: estudio psico-médico-pedagógico de un caso /
_cJulio Noguera López.
260 _aMadrid :
_bMinisterio de la Gobernación,
_c1926.
300 _a7 p. ;
_c22 cm.
650 0 4 _aDeficiencia mental.
_911548
710 1 _aEspaña.
_bMinisterio de Gobernación.
_93872
852 _aES-MaACL
_j1705-F-2
999 _c113729
_d113729